| 000 | 00406nam a22001217a 4500 | ||
|---|---|---|---|
| 082 | _a200 THE | ||
| 100 |
_aSANAAN HAIDER _969865 |
||
| 245 | _aTH-SOF-1636-Resonant Behavior Analysis of Split-Ring Resonator Due to Positional Change of Dielectric Material | ||
| 260 |
_aISLAMABAD _bNUST COLLEGE OF EME _c2019 |
||
| 650 | _aMS-ELECT-83 MSTHESIS | ||
| 700 |
_aSupervisor Dr. Tahir Zaidi _969770 |
||
| 942 | _cCF | ||
| 999 |
_c576956 _d576956 |
||